Room on the broom / (Record no. 60)

MARC details
000 -LEADER
fixed length control field 01845nam a22004937a 4500
001 - CONTROL NUMBER
control field 60
003 - CONTROL NUMBER IDENTIFIER
control field FISKH
005 - DATE AND TIME OF LATEST TRANSACTION
control field 20230221090630.0
008 - FIXED-LENGTH DATA ELEMENTS--GENERAL INFORMATION
fixed length control field 230221b cb ||||| |||| 00| 0 eng d
010 ## - LIBRARY OF CONGRESS CONTROL NUMBER
LC control number 2021289190
020 ## - INTERNATIONAL STANDARD BOOK NUMBER
International Standard Book Number 9780593110409
Qualifying information (board book)
020 ## - INTERNATIONAL STANDARD BOOK NUMBER
International Standard Book Number 0593110404
Qualifying information (board book)
035 ## - SYSTEM CONTROL NUMBER
System control number (OCoLC)on1191225641
040 ## - CATALOGING SOURCE
Original cataloging agency HHO
Language of cataloging eng
Transcribing agency HHO
Description conventions rda
Modifying agency SDG
-- OCLCF
-- DLC
042 ## - AUTHENTICATION CODE
Authentication code lccopycat
-- lcac
050 00 - LIBRARY OF CONGRESS CALL NUMBER
Classification number PZ8.3.D7235
Item number Ro 2020
082 00 - DEWEY DECIMAL CLASSIFICATION NUMBER
Classification number 823.92
Edition number 23
100 1# - MAIN ENTRY--PERSONAL NAME
Personal name Donaldson, Julia,
Relator term author.
245 10 - TITLE STATEMENT
Title Room on the broom /
Statement of responsibility, etc. based on the picture book by Julia Donaldson and Axel Scheffler.
264 #1 - PRODUCTION, PUBLICATION, DISTRIBUTION, MANUFACTURE, AND COPYRIGHT NOTICE
Place of production, publication, distribution, manufacture New York :
Name of producer, publisher, distributor, manufacturer Dial Books for Young Readers,
Date of production, publication, distribution, manufacture, or copyright notice [2020]
300 ## - PHYSICAL DESCRIPTION
Extent 1 volume (unpaged) :
Other physical details chiefly color illustrations ;
Dimensions 18 x 18 cm
336 ## - CONTENT TYPE
Content type term text
Content type code txt
Source rdacontent
336 ## - CONTENT TYPE
Content type term still image
Content type code sti
Source rdacontent
337 ## - MEDIA TYPE
Media type term unmediated
Media type code n
Source rdamedia
338 ## - CARRIER TYPE
Carrier type term volume
Carrier type code nc
Source rdacarrier
500 ## - GENERAL NOTE
General note "A push, pull, and slide book."--cover
500 ## - GENERAL NOTE
General note Originally published in 2020 by Macmillan Children's Books, United Kingdom.
520 ## - SUMMARY, ETC.
Summary, etc. A witch finds room on her broom for all the animals that ask for a ride, and they repay her kindness by rescuing her from a dragon. Pull-tabs cause panel to slide, revealing different illustrations
521 8# - TARGET AUDIENCE NOTE
Target audience note 600
Source AD L Lexile
521 8# - TARGET AUDIENCE NOTE
Target audience note K
Source Raz-Plus
650 #0 - SUBJECT ADDED ENTRY--TOPICAL TERM
Topical term or geographic name entry element Toy and movable books
Form subdivision Specimens
650 #0 - SUBJECT ADDED ENTRY--TOPICAL TERM
Topical term or geographic name entry element Board books.
650 #1 - SUBJECT ADDED ENTRY--TOPICAL TERM
Topical term or geographic name entry element Stories in rhyme.
650 #1 - SUBJECT ADDED ENTRY--TOPICAL TERM
Topical term or geographic name entry element Witches
Form subdivision Fiction.
650 #1 - SUBJECT ADDED ENTRY--TOPICAL TERM
Topical term or geographic name entry element Animals
Form subdivision Fiction.
650 #1 - SUBJECT ADDED ENTRY--TOPICAL TERM
Topical term or geographic name entry element Dragons
Form subdivision Fiction.
650 #1 - SUBJECT ADDED ENTRY--TOPICAL TERM
Topical term or geographic name entry element Toy and movable books
Form subdivision Specimens
650 #1 - SUBJECT ADDED ENTRY--TOPICAL TERM
Topical term or geographic name entry element Board books.
655 #7 - INDEX TERM--GENRE/FORM
Genre/form data or focus term Toy and movable books.
Source of term lcgft
655 #7 - INDEX TERM--GENRE/FORM
Genre/form data or focus term Picture books.
Source of term lcgft
700 1# - ADDED ENTRY--PERSONAL NAME
Personal name Scheffler, Axel,
Relator term illustrator.
906 ## - LOCAL DATA ELEMENT F, LDF (RLIN)
a 7
b cbc
c copycat
d 2
e ncip
f 20
g y-gencatlg
942 ## - ADDED ENTRY ELEMENTS (KOHA)
Source of classification or shelving scheme Dewey Decimal Classification
Koha item type Books
Suppress in OPAC No
Holdings
Withdrawn status Lost status Source of classification or shelving scheme Damaged status Not for loan Home library Current library Shelving location Date acquired Total Checkouts Full call number Barcode Date last seen Date last checked out Copy number Price effective from Koha item type Cost, normal purchase price
    Dewey Decimal Classification     Footprints International School Library Network Toul Kork Campus Footprints International School Library Network Toul Kork Campus TK Primary Library Room(4th Floor), Bookcase 3&4, Shelves 17-32, Yellow Books 02/21/2023 5 DON 823.92 PZ8.D7235 FISBT00088 04/24/2026 03/14/2025 1 02/21/2023 Books  
    Dewey Decimal Classification     Footprints International School Library Network Toul Kork Campus Footprints International School Library Network Toul Kork Campus TK Primary Library Room(4th Floor), Bookcase 3&4, Shelves 17-32, Yellow Books 02/21/2023 1 DON 823.92 PZ8.D7235 2023-0071 09/07/2023 08/08/2023 2 02/21/2023 Books 11.24